| 000 | 01665nam a22002537a 4500 | ||
|---|---|---|---|
| 999 |
_c58487 _d58487 |
||
| 003 | Ge_BSU | ||
| 005 | 20220411122024.0 | ||
| 008 | 220411s2010 ge ||||| |||| 00| 0 geo d | ||
| 020 | _a9789941129865 | ||
| 041 | _ageo | ||
| 080 | _a338.22(075.8) შ-95 | ||
| 100 |
_aშურღაია, ომარ _913660 |
||
| 245 |
_aმცირე ბიზნესის საფუძვლები : თეორია, პრაქტიკა, გამოცდილება, საკანონმდებლო ბაზა : _bდამხმ. სახელმძღვ. ეკონ. პროფ. ფაკ. სტუდ. / _c ომარ შურღაია ; [მეცნ. რედ. რევაზ გოგოხია ; რედ. გაგა შურღაია] ; თბილ. ეკონ. ურთიერთობათა სახელმწ. უნ-ტი. |
||
| 264 |
_aთბ. : _bუნივერსალი, _c2010. |
||
| 300 |
_a568 გვ. : _bცხრ. ; _c20 სმ. |
||
| 501 | _a მცირე განმარტ. ლექსიკონი: გვ. 417-521. | ||
| 504 | _a ბიბლიოგრ. ტექსტ. შენიშვნ. და თავების ბოლოს | ||
| 520 | _aრეზ. რუს. | ||
| 653 | _a მცირე ბიზნესი | ||
| 700 |
_aგოგოხია, რევაზ _eრედაქტორი _93350 |
||
| 700 |
_aშურღაია, გაგა _eრედაქტორი _913661 |
||
| 710 |
_aთბილ. ეკონ. ურთიერთობათა სახელმწ. უნ-ტი _913662 |
||
| 942 |
_2udc _cBK |
||